[Event "Sachsen-Anhalt-ch Seniors 14th"]
[Site "Osterburg"]
[Date "2006.06.14"]
[Round "5"]
[White "Reinholz, Siegfried"]
[Black "Hobusch, Werner"]
[Result "1-0"]
[WhiteElo "1918"]
[BlackElo "1997"]
[PlyCount "95"]
[EventDate "2006.06.10"]
[EventType "swiss"]
[EventRounds "7"]
[EventCountry "GER"]
[SourceTitle "EXT 2007"]
[Source "ChessBase"]
[SourceDate "2006.11.23"]
[SourceVersion "1"]
[SourceVersionDate "2006.11.23"]
[SourceQuality "1"]

1. e4 c5 2. Nc3 Nc6 3. g3 g6 4. Bg2 Bg7 5. d3 e6 6. Be3 d6 7. Qd2 Qa5 8. Nge2 Nd4 9. Nc1 Ne7 10. 0-0 0-0 11. Nb3 Qd8 12. f4 Nec6 13. Kh1 a5 14. Bf2 a4 15. Nxd4 Nxd4 16. Rab1 Qa5 17. Rfd1 b5 18. e5 Ra6 19. Ne4 Qxd2 20. Rxd2 dxe5 21. Nxc5 exf4 22. Nxa6 fxg3 23. Bxd4 Bxd4 24. Nb4 gxh2 25. Nc6 Be3 26. Ne7+ Kg7 27. Re2 Bf4 28. Nxc8 Rxc8 29. Rf1 g5 30. c3 Rd8 31. d4 Rd6 32. Rd1 f5 33. Rf1 Kf6 34. b3 axb3 35. axb3 e5 36. dxe5+ Bxe5 37. c4 bxc4 38. bxc4 f4 39. c5 Rd3 40. Rfe1 Bd4 41. Re6+ Kf5 42. Rd6 Kg4 43. Rf1 Kg3 44. c6 g4 45. c7 Rc3 46. Rxd4 f3 47. Bxf3 gxf3 48. Rd3 1-0

[Event "Sachsen-Anhalt-ch Seniors 14th"]
[Site "Osterburg"]
[Date "2006.06.12"]
[Round "3"]
[White "Reinholz, Siegfried"]
[Black "Brandt, Joachim"]
[Result "1-0"]
[WhiteElo "1918"]
[BlackElo "1647"]
[PlyCount "53"]
[EventDate "2006.06.10"]
[EventType "swiss"]
[EventRounds "7"]
[EventCountry "GER"]
[SourceTitle "EXT 2007"]
[Source "ChessBase"]
[SourceDate "2006.11.23"]
[SourceVersion "1"]
[SourceVersionDate "2006.11.23"]
[SourceQuality "1"]

1. e4 e6 2. d4 d5 3. Nc3 Nf6 4. Bd3 a6 5. Be3 dxe4 6. Nxe4 Nbd7 7. Nf3 Nxe4 8. Bxe4 Nf6 9. Bd3 Bd6 10. h3 Bd7 11. Ne5 0-0 12. Bg5 Be8 13. Qf3 Be7 14. c3 c6 15. 0-0 Rc8 16. b4 h6 17. Bxf6 Bxf6 18. Qe4 g6 19. Ng4 Bg7 20. Qe3 Kh7 21. f4 Rc7 22. Ne5 Bd7 23. Qg3 Qf6 24. Nxg6 fxg6 25. f5 Qd8 26. Qxg6+ Kh8 27. f6 1-0

[Event "Sachsen-Anhalt-ch Seniors 14th"]
[Site "Osterburg"]
[Date "2006.06.10"]
[Round "1"]
[White "Reinholz, Siegfried"]
[Black "Wildner, Alfred"]
[Result "1/2-1/2"]
[WhiteElo "1918"]
[BlackElo "1584"]
[PlyCount "76"]
[EventDate "2006.06.10"]
[EventType "swiss"]
[EventRounds "7"]
[EventCountry "GER"]
[SourceTitle "EXT 2007"]
[Source "ChessBase"]
[SourceDate "2006.11.23"]
[SourceVersion "1"]
[SourceVersionDate "2006.11.23"]
[SourceQuality "1"]

1. e4 c5 2. Nc3 d6 3. g3 g6 4. Bg2 Bg7 5. d3 Nc6 6. Nge2 Nf6 7. 0-0 0-0 8. h3 Rb8 9. f4 e6 10. a4 a6 11. Kh2 Qc7 12. Be3 Ne8 13. d4 cxd4 14. Nxd4 Nxd4 15. Bxd4 Qc4 16. Bxg7 Kxg7 17. Qd3 Qxd3 18. cxd3 b6 19. d4 Bd7 20. Rac1 Kg8 21. b3 Ng7 22. d5 Rbc8 23. dxe6 fxe6 24. Rfd1 Rc6 25. Bf1 Rfc8 26. Bc4 Kf8 27. Ne2 b5 28. axb5 axb5 29. Bd3 Rxc1 30. Rxc1 Rxc1 31. Nxc1 Ne8 32. Kg2 Nc7 33. Kf3 Na6 34. g4 Bc6 35. Ke3 e5 36. fxe5 dxe5 37. Na2 g5 38. Nc3 Nc7 1/2-1/2

[Event "Sachsen-Anhalt-ch Seniors 13th "]
[Site "Osterburg"]
[Date "2005.06.13"]
[Round "4"]
[White "Mueller, Horst3333"]
[Black "Reinholz, Siegfried"]
[Result "1-0"]
[WhiteElo "1827"]
[BlackElo "1871"]
[PlyCount "87"]
[EventDate "2005.06.10"]
[EventType "swiss"]
[EventRounds "7"]
[EventCountry "GER"]
[SourceTitle "EXT 2007"]
[Source "ChessBase"]
[SourceDate "2006.11.23"]
[SourceVersion "1"]
[SourceVersionDate "2006.11.23"]
[SourceQuality "1"]

1. d4 d5 2. c4 e6 3. Nc3 Nf6 4. Bg5 Be7 5. e3 Nbd7 6. Qc2 c6 7. Nf3 0-0 8. Bd3 dxc4 9. Bxc4 Nd5 10. Bxe7 Qxe7 11. 0-0 Nxc3 12. Qxc3 b5 13. Be2 Bb7 14. b4 Nf6 15. a3 Nd5 16. Qd2 Qd8 17. Ne5 a5 18. Nd3 axb4 19. axb4 Qb6 20. Nc5 Rxa1 21. Rxa1 Ra8 22. Rxa8+ Bxa8 23. e4 Nf6 24. Qa2 Qb8 25. Bf3 h6 26. g3 Kh7 27. Qa6 g6 28. h4 Kg7 29. Kg2 Kh7 30. Qa1 Qd8 31. Qa7 Kg8 32. e5 Nd5 33. Bxd5 cxd5 34. Qa6 Qe8 35. Qa7 Qd8 36. Nd7 Bc6 37. Nf6+ Kg7 38. Qc5 Qa8 39. g4 Qc8 40. h5 Bd7 41. Qe7 Qf8 42. Qxf8+ Kxf8 43. Nxd7+ Ke7 44. Nf6 1-0

[Event "GER-chT Seniors 13th"]
[Site "Dresden"]
[Date "2004.08.06"]
[Round "6"]
[White "Eskandary, Jahja"]
[Black "Reinholz, Siegfried"]
[Result "1/2-1/2"]
[WhiteElo "2140"]
[BlackElo "2125"]
[PlyCount "131"]
[EventDate "2004.08.01"]
[EventType "team"]
[EventRounds "7"]
[EventCountry "GER"]
[SourceTitle "CBM 103 Extra"]
[Source "ChessBase"]
[SourceDate "2005.01.01"]
[SourceVersion "1"]
[SourceVersionDate "2005.01.01"]
[SourceQuality "1"]

1. e4 e5 2. Nc3 Nc6 3. Bc4 Bc5 4. Qg4 Nb4 5. Qxg7 Qf6 6. Qxf6 Nxf6 7. Bb3 Rg8 8. g3 d6 9. a3 Nc6 10. Ba4 Bd7 11. d3 Nd4 12. Bxd7+ Kxd7 13. Kd1 Ng4 14. Be3 f5 15. exf5 Nxe3+ 16. fxe3 Nxf5 17. e4 Ne3+ 18. Kd2 Raf8 19. Nh3 a6 20. Rae1 Rf3 21. Nd1 Nxd1 22. Kxd1 Rg6 23. Ke2 Rgf6 24. Kd1 Rg6 25. Ng1 Rf2 26. Ne2 Rgf6 27. h3 Ke7 28. Nc3 c6 29. Re2 R2f3 30. Rg2 a5 31. Ne2 d5 32. exd5 cxd5 33. Nc3 Ke6 34. Ke2 Bd4 35. Nd1 e4 36. dxe4 dxe4 37. c3 Bc5 38. Kd2 Rd3+ 39. Kc2 Rff3 40. Re1 Rxg3 41. Rxe4+ Kd7 42. Rxg3 Rxg3 43. b4 axb4 44. axb4 Be7 45. Re3 Rg2+ 46. Kb3 Rh2 47. Nb2 h5 48. Nc4 h4 49. Nb6+ Kd8 50. Rd3+ Ke8 51. c4 Rg2 52. c5 Rg3 53. Kc4 Kf7 54. Nc8 Bf8 55. Rd7+ Kg6 56. Rxb7 Rxh3 57. c6 Rh1 58. c7 Rc1+ 59. Kb5 h3 60. Ne7+ Bxe7 61. c8Q Rxc8 62. Rxe7 h2 63. Re1 Kf5 64. Kb6 Rh8 65. Rh1 Ke6 66. Kc6 1/2-1/2

[Event "GER-chT Seniors 13th"]
[Site "Dresden"]
[Date "2004.08.05"]
[Round "5"]
[White "Reinholz, Siegfried"]
[Black "Lieb, Harald"]
[Result "0-1"]
[WhiteElo "2125"]
[BlackElo "2305"]
[PlyCount "66"]
[EventDate "2004.08.01"]
[EventType "team"]
[EventRounds "7"]
[EventCountry "GER"]
[SourceTitle "CBM 103 Extra"]
[Source "ChessBase"]
[SourceDate "2005.01.01"]
[SourceVersion "1"]
[SourceVersionDate "2005.01.01"]
[SourceQuality "1"]

1. e4 e6 2. d4 d5 3. Nc3 Bb4 4. exd5 exd5 5. Bd3 Nc6 6. Nge2 Bg4 7. f3 Bh5 8. 0-0 Nge7 9. Bf4 Bd6 10. Bxd6 Qxd6 11. Ng3 Bg6 12. Re1 0-0-0 13. Nb5 Qf6 14. c3 h5 15. Nf1 Rhe8 16. Bxg6 Nxg6 17. Qd2 Nf4 18. Rxe8 Rxe8 19. Re1 Rxe1 20. Qxe1 Kd7 21. g3 Nh3+ 22. Kg2 Ng5 23. Qe2 h4 24. Nd2 Qf5 25. f4 h3+ 26. Kg1 Nh7 27. Na3 Nf6 28. Nf3 Ne4 29. Ne5+ Nxe5 30. dxe5 c6 31. Qd3 g5 32. Qe3 Qg4 33. Kf1 Qd1+ 0-1

[Event "GER-chT Seniors 13th"]
[Site "Dresden"]
[Date "2004.08.01"]
[Round "1"]
[White "Reinholz, Siegfried"]
[Black "Hoeschele, Hans Ulrich"]
[Result "0-1"]
[WhiteElo "2125"]
[BlackElo "2157"]
[PlyCount "116"]
[EventDate "2004.08.01"]
[EventType "team"]
[EventRounds "7"]
[EventCountry "GER"]
[SourceTitle "CBM 103 Extra"]
[Source "ChessBase"]
[SourceDate "2005.01.01"]
[SourceVersion "1"]
[SourceVersionDate "2005.01.01"]
[SourceQuality "1"]

1. e4 c6 2. d4 d5 3. exd5 cxd5 4. Bd3 Nf6 5. c3 Nc6 6. Nf3 Bg4 7. h3 Bh5 8. Bf4 Qb6 9. b4 e6 10. 0-0 Rc8 11. a4 a5 12. b5 Nb8 13. g4 Bg6 14. Ne5 Bd6 15. Re1 Qc7 16. Qf3 Bxd3 17. Nxd3 Nbd7 18. Bxd6 Qxd6 19. Qf4 Qxf4 20. Nxf4 0-0 21. f3 Nb6 22. Nd3 Nfd7 23. Ne5 Nxe5 24. Rxe5 Rc4 25. Re2 Nxa4 26. Rea2 Nxc3 27. Nxc3 Rxc3 28. Rxa5 Rb3 29. Rc1 b6 30. Ra7 Rxb5 31. Rcc7 Rb4 32. Rcb7 Rxd4 33. Rxb6 Rd2 34. Rab7 g5 35. Rb2 Rxb2 36. Rxb2 Kg7 37. Kf2 Kf6 38. Kg3 Rc8 39. h4 h6 40. hxg5+ hxg5 41. Kf2 Ke5 42. Kg3 Rc3 43. Re2+ Kd6 44. Ra2 d4 45. Kf2 f6 46. Rb2 Kd5 47. Rb5+ Kc4 48. Rb6 Re3 49. Ra6 Re5 50. Rc6+ Kb3 51. Rd6 Kc3 52. Rc6+ Kd2 53. Rd6 d3 54. Rc6 Kd1 55. Rd6 d2 56. Rc6 Rb5 57. Rc4 Rb2 58. Rd4 Kc1 0-1

[Event "EU-chT Seniors 06th"]
[Site "Dresden"]
[Date "2004.02.25"]
[Round "4.2"]
[White "Reinholz, Siegfried"]
[Black "Opl, Klaus"]
[Result "0-1"]
[WhiteElo "2135"]
[BlackElo "2280"]
[PlyCount "148"]
[EventDate "2004.02.22"]
[EventType "team-swiss"]
[EventRounds "7"]
[EventCountry "GER"]
[SourceTitle "CBM 099 Extra"]
[Source "ChessBase"]
[SourceDate "2004.05.04"]
[SourceVersion "1"]
[SourceVersionDate "2004.05.04"]
[SourceQuality "1"]
[WhiteTeam "Sachsen Anhalt"]
[BlackTeam "Salzburg ASVO"]
[WhiteTeamCountry "GER"]
[BlackTeamCountry "AUT"]

1. e4 e5 2. Nf3 Nc6 3. Bc4 Nf6 4. d3 Be7 5. Nc3 0-0 6. h3 d6 7. Be3 Na5 8. Bb3 Nxb3 9. axb3 c6 10. d4 exd4 11. Qxd4 a6 12. 0-0 Be6 13. Ng5 Nd7 14. f4 h6 15. Nf3 f5 16. Qd2 fxe4 17. Nxe4 d5 18. Ng3 Bd6 19. Nd4 Qf6 20. f5 Bf7 21. Nde2 Rae8 22. Bf2 Re7 23. c3 Nc5 24. Qc2 Qg5 25. b4 Ne4 26. Nxe4 Rxe4 27. Nd4 Qf4 28. g3 Qg5 29. Kg2 g6 30. Qc1 Bf4 31. h4 Bxc1 32. hxg5 Bxg5 33. Rae1 Rfe8 34. Kf3 gxf5 35. Nxf5 Bh5+ 36. Kg2 Re2 37. Nd6 R8e7 38. Rxe2 Rxe2 39. Nxb7 Rxb2 40. Kg1 Be2 41. Re1 Bf6 42. Rc1 Bb5 43. Nd6 Be5 44. Nf5 Kh7 45. Bd4 Bxd4+ 46. Nxd4 Kg6 47. Re1 Kg5 48. Re6 h5 49. Nxb5 cxb5 50. Rxa6 d4 51. cxd4 Rxb4 52. Rd6 Kg4 53. Rg6+ Kf3 54. Rg5 Rb1+ 55. Kh2 Rb2+ 56. Kh3 Rb1 57. Rf5+ Ke4 58. Rf4+ Kd5 59. Kg2 b4 60. Rh4 b3 61. Rxh5+ Kxd4 62. Rh8 Rc1 63. Rb8 Kc3 64. Kf3 b2 65. Ke4 b1Q+ 66. Rxb1 Rxb1 67. g4 Rg1 68. Kf5 Kd4 69. g5 Kd5 70. Kf6 Kd6 71. g6 Rf1+ 72. Kg7 Ke7 73. Kg8 Rg1 74. Kg7 Rg2 0-1

[Event "EU-chT Seniors 05th"]
[Site "Dresden"]
[Date "2003.02.24"]
[Round "2.4"]
[White "Flockhart, Hugh"]
[Black "Reinholz, Siegfried"]
[Result "1/2-1/2"]
[WhiteElo "1724"]
[BlackElo "1901"]
[PlyCount "37"]
[EventDate "2003.02.23"]
[EventType "team-swiss"]
[EventRounds "7"]
[EventCountry "GER"]
[SourceTitle "EXT 2005"]
[Source "ChessBase"]
[SourceDate "2004.11.15"]
[SourceVersion "1"]
[SourceVersionDate "2004.11.15"]
[SourceQuality "1"]

1. e4 e5 2. Nf3 Nf6 3. Bd3 Nc6 4. 0-0 Bc5 5. c3 a6 6. Bc2 d6 7. d4 exd4 8. cxd4 Bb6 9. h3 h6 10. Nc3 Bd7 11. Re1 Qc8 12. e5 dxe5 13. dxe5 Ng8 14. Be3 Bxe3 15. Rxe3 Nge7 16. Rc1 Bf5 17. Ne4 Bxe4 18. Bxe4 Qe6 19. Bc2 1/2-1/2

[Event "GER-chT Seniors 10th"]
[Site "Rheda Wiedenbrueck"]
[Date "2001.08.12"]
[Round "1.3"]
[White "Villing, Dieter"]
[Black "Reinholz, Siegfried"]
[Result "1-0"]
[WhiteElo "2247"]
[BlackElo "1913"]
[PlyCount "57"]
[EventDate "2001.08.12"]
[EventType "team"]
[EventRounds "7"]
[EventCountry "GER"]
[SourceTitle "EXT 2002"]
[Source "ChessBase"]
[SourceDate "2001.11.25"]
[SourceVersion "1"]
[SourceVersionDate "2001.11.25"]
[SourceQuality "1"]
[WhiteTeam "Baden Seniors"]
[BlackTeam "Sachsen Anhalt Seniors II"]
[WhiteTeamCountry "GER"]
[BlackTeamCountry "GER"]

1. e4 e5 2. Bc4 Nc6 3. Nf3 Bc5 4. c3 d6 5. d4 exd4 6. cxd4 Bb4+ 7. Nc3 Nf6 8. 0-0 Bxc3 9. bxc3 h6 10. Re1 0-0 11. e5 dxe5 12. Nxe5 Nxe5 13. Rxe5 Re8 14. Qb3 Qd7 15. Bf4 c6 16. Rae1 Rxe5 17. Rxe5 b5 18. Bd3 Qg4 19. Bg3 Be6 20. Qc2 Nd7 21. h3 Nxe5 22. hxg4 Nxg4 23. f3 Ne3 24. Qc1 Nf5 25. Bf2 Nd6 26. Qa3 Nc4 27. Qa6 Nb6 28. Be4 Bc8 29. Qa3 1-0

[Event "GER-chT Seniors 09th"]
[Site "Halle"]
[Date "2000.09.26"]
[Round "7.2"]
[White "Reinholz, Siegfried"]
[Black "Schmidt, Niels Peter"]
[Result "1-0"]
[WhiteElo "1908"]
[BlackElo "1961"]
[PlyCount "45"]
[EventDate "2000.08.20"]
[EventType "team"]
[EventRounds "7"]
[EventCountry "GER"]
[SourceTitle "EXT 2002"]
[Source "ChessBase"]
[SourceDate "2001.11.25"]
[SourceVersion "1"]
[SourceVersionDate "2001.11.25"]
[SourceQuality "1"]

1. e4 e6 2. d4 d5 3. Nc3 dxe4 4. Nxe4 Nd7 5. Be3 Ngf6 6. Nxf6+ Nxf6 7. Nf3 Be7 8. Bd3 0-0 9. c3 Nd5 10. Bd2 c5 11. Qc2 h6 12. 0-0-0 cxd4 13. Nxd4 Bd7 14. Kb1 Rc8 15. Nb3 Nb4 16. Bh7+ Kh8 17. Qe4 Nd5 18. Qd3 Bc6 19. Be4 Qc7 20. Qh3 Nxc3+ 21. Bxc3 Bxe4+ 22. Ka1 Bf5 23. Qxh6+ 1-0

[Event "GER-chT Seniors 09th"]
[Site "Halle"]
[Date "2000.08.24"]
[Round "5.2"]
[White "Reinholz, Siegfried"]
[Black "Luetje, Juergen"]
[Result "0-1"]
[WhiteElo "1908"]
[BlackElo "2006"]
[PlyCount "58"]
[EventDate "2000.08.20"]
[EventType "team"]
[EventRounds "7"]
[EventCountry "GER"]
[SourceTitle "EXT 2002"]
[Source "ChessBase"]
[SourceDate "2001.11.25"]
[SourceVersion "1"]
[SourceVersionDate "2001.11.25"]
[SourceQuality "1"]

1. e4 c5 2. Nc3 Nc6 3. g3 g6 4. Bg2 Bg7 5. Nge2 e6 6. d3 Nge7 7. f4 d6 8. 0-0 f5 9. Rb1 Rb8 10. a4 a6 11. Bd2 b5 12. axb5 axb5 13. exf5 gxf5 14. Qe1 b4 15. Nd1 0-0 16. Nf2 Qc7 17. Nh3 Re8 18. Kh1 Ng6 19. Qf2 Bb7 20. c3 Ba6 21. Qf3 d5 22. c4 Nce7 23. Ng5 Qd6 24. cxd5 exd5 25. Rfe1 h6 26. Nh3 c4 27. g4 Nh4 28. Qf2 Nxg2 29. Qxg2 c3 0-1